<?xml version="1.0" encoding="UTF-8"?>
<record
    xmlns:xsi="http://www.w3.org/2001/XMLSchema-instance"
    xsi:schemaLocation="http://www.loc.gov/MARC21/slim http://www.loc.gov/standards/marcxml/schema/MARC21slim.xsd"
    xmlns="http://www.loc.gov/MARC21/slim">

  <leader>00936cam a22002531  4500</leader>
  <controlfield tag="001">ca 30000100 </controlfield>
  <controlfield tag="003">DLC</controlfield>
  <controlfield tag="005">20260227111122.0</controlfield>
  <controlfield tag="008">840822s1920    xx            000 0 pol  </controlfield>
  <datafield tag="010" ind1=" " ind2=" ">
    <subfield code="a">ca 30000100 </subfield>
  </datafield>
  <datafield tag="035" ind1=" " ind2=" ">
    <subfield code="a">(OCoLC)14025850</subfield>
  </datafield>
  <datafield tag="040" ind1=" " ind2=" ">
    <subfield code="a">DLC</subfield>
    <subfield code="c">PSt</subfield>
    <subfield code="d">DLC</subfield>
  </datafield>
  <datafield tag="042" ind1=" " ind2=" ">
    <subfield code="a">premarc</subfield>
  </datafield>
  <datafield tag="050" ind1="0" ind2="0">
    <subfield code="a">DK414</subfield>
    <subfield code="b">.W55</subfield>
  </datafield>
  <datafield tag="100" ind1="1" ind2=" ">
    <subfield code="a">Witkowska, Helena</subfield>
  </datafield>
  <datafield tag="245" ind1="1" ind2="0">
    <subfield code="a">Nauka o Polsce wsp&#xF3;&#x142;czesnej</subfield>
    <subfield code="c">Helena Witkowska i Ludomir Sawicki.</subfield>
  </datafield>
  <datafield tag="260" ind1=" " ind2=" ">
    <subfield code="a">W Warszawie</subfield>
    <subfield code="b">Wydawn. M. Arcta</subfield>
    <subfield code="c">1920.</subfield>
  </datafield>
  <datafield tag="300" ind1=" " ind2=" ">
    <subfield code="a">287 p.</subfield>
    <subfield code="c">24 cm.</subfield>
  </datafield>
  <datafield tag="500" ind1=" " ind2=" ">
    <subfield code="a">At head of title: Helena Witkowska i Ludomir Sawicki.</subfield>
  </datafield>
  <datafield tag="504" ind1=" " ind2=" ">
    <subfield code="a">"Bibljografia": p.[283]-285</subfield>
  </datafield>
  <datafield tag="505" ind1="0" ind2=" ">
    <subfield code="a">Zimia (L. Sawicki).--Ludno&#x15B;&#x107; (L. Sawicki).--&#x17B;ycie gospodarcze ziem polskich (L. Sawicki).--Kultura duchowa (H. Witkowska).--Pa&#x144;stwo (H. Witkowska).--Wa&#x17C;niejsze zagadnienia polski wsp&#xF3;&#x142;czesnej (H. Witkowska)</subfield>
  </datafield>
  <datafield tag="651" ind1=" " ind2="0">
    <subfield code="a">Poland.</subfield>
  </datafield>
  <datafield tag="700" ind1="1" ind2=" ">
    <subfield code="a">Sawicki, Ludomir,</subfield>
    <subfield code="d">1884-1929.</subfield>
  </datafield>
  <datafield tag="999" ind1=" " ind2=" ">
    <subfield code="c">16581</subfield>
    <subfield code="d">16581</subfield>
  </datafield>
</record>
